000
00288nam a2200145Ia 4500
100
_a
Haykin/ Simon
942
_c
BK
654
_a
fitters
245
_a
Modern fitters
260
_b
Macmillan
_a
Singapore
_c
1990
082
_a
530.41
300
_a
398
546
_a
ENGLISH
999
_c
20443
_d
20443